MARC details
| 000 -CABECERA |
| campo de control de longitud fija |
00975nam a22002177a 4500 |
| 008 - DATOS DE LONGITUD FIJA--INFORMACIÓN GENERAL |
| campo de control de longitud fija |
251112b |||||||| |||| 00| 0 eng d |
| 020 ## - NÚMERO INTERNACIONAL ESTÁNDAR DEL LIBRO |
| Número Internacional Estándar del Libro |
9783836584173 |
| 040 ## - FUENTE DE LA CATALOGACIÓN |
| Centro/agencia transcriptor |
tbs |
| 050 ## - SIGNATURA TOPOGRÁFICA DE LA BIBLIOTECA DEL CONGRESO |
| Número de clasificación |
G439 |
| Número de documento/Ítem |
.N48 2020 |
| 245 ## - MENCIÓN DE TÍTULO |
| Título |
The New York Times Explorer |
| Resto del título |
: 100 trips around the world |
| Mención de responsabilidad, etc. |
/ edited by Barbara Ireland. |
| 246 ## - FORMA VARIANTE DE TÍTULO |
| Título propio/Titulo breve |
NYT explorer: 100 trips around the world |
| 246 ## - FORMA VARIANTE DE TÍTULO |
| Título propio/Titulo breve |
One hundred trips around the world |
| 260 ## - PUBLICACIÓN, DISTRIBUCIÓN, ETC. |
| Lugar de publicación, distribución, etc. |
Cologne : |
| Nombre del editor, distribuidor, etc. |
Taschen, |
| Fecha de publicación, distribución, etc. |
2020. |
| 520 ## - SUMARIO, ETC. |
| Sumario, etc. |
Whether it's a culinary adventure in Mexico City, a meditative train ride through Siberia, or a solo trip to Paris, get your bucket lists ready with the discoveries of Explorer, a collection of 100 dream destinations from the Travel pages of The New York Times. |
| 650 #0 - PUNTO DE ACCESO ADICIONAL DE MATERIA--TÉRMINO DE MATERIA |
| Término de materia o nombre geográfico como elemento de entrada |
Voyages and travels |
| Subdivisión de forma |
Pictorial works |
| 9 (RLIN) |
26502 |
| 650 #0 - PUNTO DE ACCESO ADICIONAL DE MATERIA--TÉRMINO DE MATERIA |
| Término de materia o nombre geográfico como elemento de entrada |
Travel |
| Subdivisión de forma |
Guidebooks |
| 9 (RLIN) |
26326 |
| 655 #0 - TÉRMINO DE INDIZACIÓN--GÉNERO/FORMA |
| Datos o término principal de género/forma |
Illustrated works |
| 9 (RLIN) |
24413 |
| 655 #0 - TÉRMINO DE INDIZACIÓN--GÉNERO/FORMA |
| Datos o término principal de género/forma |
Travel guidebooks |
| 9 (RLIN) |
22406 |
| 700 ## - ENTRADA AGREGADA--NOMBRE PERSONAL |
| Nombre de persona |
Ireland, Barbara |
| 9 (RLIN) |
26327 |
| Término indicativo de función/relación |
editor |
| 942 ## - ELEMENTOS DE ENTRADA AGREGADA (KOHA) |
| Fuente del sistema de clasificación o colocación |
Clasificación de Library of Congress |